[Event "San Francisco TNM Fall op"]
[Site "San Francisco"]
[Date "2015.11.24"]
[Round "6"]
[White "Venkatagiri, Acharya"]
[Black "Clemens, Kristian"]
[Result "0-1"]
[WhiteElo "1510"]
[BlackElo "1783"]
[PlyCount "86"]
[EventDate "2015.10.20"]
[EventType "swiss"]
[EventRounds "9"]
[EventCountry "USA"]
[SourceTitle "EXT 2023"]
[Source "ChessBase"]
[SourceDate "2022.10.05"]
[SourceVersion "1"]
[SourceVersionDate "2022.10.05"]
[SourceQuality "1"]

1. e4 e5 2. Nf3 Nc6 3. Bb5 Nd4 4. Nxd4 exd4 5. 0-0 g6 6. d3 Bg7 7. Nd2 Ne7 8. Nf3 c6 9. Bc4 d5 10. exd5 Nxd5 11. Re1+ Be6 12. Ng5 Qd7 13. Nxe6 fxe6 14. Qg4 e5 15. Qxd7+ Kxd7 16. Bxd5 cxd5 17. f4 Rhe8 18. fxe5 Rac8 19. Bf4 Rxc2 20. Rab1 Re6 21. a4 Ra6 22. b3 Rc3 23. Rbc1 Rac6 24. Rxc3 dxc3 25. d4 Bf8 26. Rc1 c2 27. Ra1 Bb4 28. Be3 Bc3 29. Rf1 Bxd4 30. Bxd4 c1Q 31. Rxc1 Rxc1+ 32. Kf2 a6 33. b4 Ke6 34. b5 Rc4 35. Ke3 Rxa4 36. bxa6 Rxd4 37. Kxd4 bxa6 38. g4 g5 39. h3 a5 40. Kc3 Kxe5 41. Kd3 a4 42. Kc2 a3 43. Kb3 Kd4 0-1

[Event "San Francisco TNM Fall op"]
[Site "San Francisco"]
[Date "2015.10.27"]
[Round "2"]
[White "Venkatagiri, Acharya"]
[Black "Robertson, Guy"]
[Result "0-1"]
[WhiteElo "1510"]
[BlackElo "1668"]
[PlyCount "37"]
[EventDate "2015.10.20"]
[EventType "swiss"]
[EventRounds "9"]
[EventCountry "USA"]
[SourceTitle "EXT 2023"]
[Source "ChessBase"]
[SourceDate "2022.10.05"]
[SourceVersion "1"]
[SourceVersionDate "2022.10.05"]
[SourceQuality "1"]

1. e4 c5 2. Nf3 d6 3. g3 g6 4. Bg2 Bg7 5. 0-0 Nc6 6. c3 Nf6 7. d3 0-0 8. h3 b5 9. Kh2 Rb8 10. Na3 a6 11. Nc2 h6 12. a3 Be6 13. Ne3 Qb6 14. Bd2 Rfe8 15. b4 a5 16. Qe2 axb4 17. axb4 cxb4 18. cxb4 Ra8 19. Rfc1 0-1